Podi del Festival di Sanremo - anni 2010 - Statistics

Statistiche generali
  • Questo quiz è stato fatto 586 volte
  • Il punteggio medio è 27 su 36
Statistiche sulle risposte
Anno Posizione Canzone Artista % Corretto
2017 Primo Occidentali's karma Francesco Gabbani
97%
2012 Secondo La notte Arisa
96%
2014 Primo Controvento Arisa
96%
2017 Terzo Vietato morire Ermal Meta
96%
2018 Primo Non mi avete fatto niente Ermal Meta
96%
2015 Primo Grande amore Il Volo
96%
2019 Terzo Musica che resta Il Volo
96%
2010 Terzo Credimi ancora Marco Mengoni
96%
2013 Primo L'essenziale Marco Mengoni
96%
2019 Primo Soldi Mahmood
95%
2011 Secondo Arriverà Emma
93%
2012 Primo Non è l'inferno Emma
93%
2018 Primo Non mi avete fatto niente Fabrizio Moro
91%
2019 Secondo I tuoi particolari Ultimo
88%
2017 Secondo Che sia benedetta Fiorella Mannoia
87%
2012 Terzo Sono solo parole Noemi
85%
2016 Primo Un giorno mi dirai Stadio
85%
2015 Secondo Fatti avanti amore Nek
84%
2016 Secondo Nessun grado di separazione Francesca Michielin
83%
2018 Secondo Una vita in vacanza Lo Stato Sociale
83%
2011 Primo Chiamami ancora amore Roberto Vecchioni
79%
2011 Secondo Arriverà Modà
74%
2013 Terzo Se si potesse non morire Modà
74%
2010 Primo Per tutte le volte che... Valerio Scanu
74%
2018 Terzo Il mondo prima di te Annalisa
73%
2013 Secondo La canzone mononota Elio e le Storie Tese
71%
2010 Secondo Italia amore mio Emanuele Filiberto
60%
2010 Secondo Italia amore mio Pupo
58%
2015 Terzo Adesso e qui (nostalgico presente) Malika Ayane
56%
2011 Terzo Amanda è libera Al Bano
42%
2016 Terzo Via da qui Giovanni Caccamo
37%
2016 Terzo Via da qui Deborah Iurato
34%
2010 Secondo Italia amore mio Luca Canonici
26%
2014 Secondo Liberi o no Raphael Gualazzi
26%
2014 Terzo Ora Renzo Rubino
23%
2014 Secondo Liberi o no The Bloody Beetroots
15%
Nessun quiz corrispondente trovato
Distribuzione punteggi
Percentuale di utenti per punteggio
Percentile per numero di risposta
I tuoi punteggi nel tempo
Non hai fatto questo quiz